عرض عادي عرض مارك
  • حموده ، رامي حسين

مدخل إسم شخص

عدد التسجيلات المستخدمة في: 16

001 - رقم الضبط

  • حقل الضبط: 9645

003 - معرف رقم الضبط

  • حقل الضبط: OSt

005 - تاريخ ووقت أخر عملية

  • حقل الضبط: 20120225102025.0

008 - عناصر بيانات ثابتة الطول

  • حقل تحكم ثابت الطول: 120225|||a|||||| | ||| d

040 ## - مصدر الفهرسة

  • هيئة الفهرسة الأصلية: OSt
  • وكالة الكتابة: OSt

100 ## - مدخل -- أسم شخص

  • إسم شخص: حموده ، رامي حسين

670 ## - بيانات المصدر موجوده

  • الاستشهاد بالمصدر: Work cat.: (OSt)4145: حموده ، رامي حسين, مفاهيم حديثة في وظائف الادارة التربوية والتعليمية والمدرسية, 2011